00370nam a22001217a 4500999001700000082000800017100002500025245002700050260005400077300001100131942000700142952009900149 c65035d65032 a297 aS. Abul A'LA Maududi aFundamentals of Islam  aLahore (pakistan)bIslamic Publications ltdc1974 a263 p. cBK 001040708REFaREFbREFd2019-07-04l0o297 (Shelf - 18B)pR11821r2019-07-04 00:00:00yBK